00365nam a2200157Ia 45000010006000000050017000060080041000230410008000640820015000721000035000872450032001222600009001543000028001636500008001916540008001991275020260306163004.0260306t1996||||xx |||||||||||||| ||spa|| aESP a150.3bO46 aOlortegui Miranda, FelipeeAUT 0aDiccionario de Psicología c1996 a631 páginas :c21 cm. aGEN aCPS